书目信息 |
| 题名: |
九一八事变
|
|
| 作者: | 宋希濂 , 董其武 著 | |
| 分册: | ||
| 出版信息: | 北京 中国文史出版社 2013.1 |
|
| 页数: | 405页 | |
| 开本: | 24cm | |
| 丛书名: | ||
| 单 册: | ||
| 中图分类: | K264.206 | |
| 科图分类: | ||
| 主题词: | 九·一八事变--jiu yi ba shi bian--史料 | |
| 电子资源: | ||
| ISBN: | 978-7-5034-3700-7 | |
| 000 | 00877nam0 2200253 450 | |
| 001 | 2158037253 | |
| 005 | 20211011172911.0 | |
| 010 | @a978-7-5034-3700-7@b精装@dCNY83.00 | |
| 100 | @a20200402e20202013em y0chiy0120 ea | |
| 101 | 0 | @achi |
| 102 | @aCN@b110000 | |
| 105 | @ay z 000yy | |
| 106 | @ar | |
| 200 | 1 | @a九一八事变@Ajiu yi ba shi bian@f宋希濂,董其武著 |
| 210 | @a北京@c中国文史出版社@d2013.1@h2020.9重印 | |
| 215 | @a405页@d24cm | |
| 300 | @a正面战场 原国民党将领抗日战争亲历记 | |
| 330 | @a本书讲述了1931年9月18日夜,日本在沈阳附近制造了柳条湖事件,制造了九一八事变,侵占我国东北三省,建立伪满洲国。 | |
| 606 | 0 | @a九·一八事变@Ajiu yi ba shi bian@j史料 |
| 690 | @aK264.206@v5 | |
| 701 | 0 | @a宋希濂@Asong xi lian@f(1907 1993.2)@4著 |
| 701 | 0 | @a董其武@Adong qi wu@f(1899 1989)@4著 |
| 801 | 0 | @aCN@b百万庄@c20211007 |
| 905 | @b1307029-032@dK264.206@e79@f4 | |
| 九一八事变/宋希濂,董其武著.-北京:中国文史出版社,2013.1(2020.9重印) |
| 405页;24cm |
| 正面战场 原国民党将领抗日战争亲历记 |
| ISBN 978-7-5034-3700-7(精装):CNY83.00 |
| 本书讲述了1931年9月18日夜,日本在沈阳附近制造了柳条湖事件,制造了九一八事变,侵占我国东北三省,建立伪满洲国。 |
| ● |
| 相关链接 |
|
|
|
|
正题名:九一八事变
索取号:K264.206/79
 
预约/预借
| 序号 | 登录号 | 条形码 | 馆藏地/架位号 | 状态 | 备注 |
| 1 | 1307029 | 213070291 | 第二样本阅览室/ [索取号:K264.206/79] | 在馆 | |
| 2 | 1307030 | 213070308 | 第二借阅区/ [索取号:K264.206/79] | 在馆 | |
| 3 | 1307031 | 213070317 | 第二借阅区/ [索取号:K264.206/79] | 在馆 | |
| 4 | 1307032 | 213070326 | 第二借阅区/ [索取号:K264.206/79] | 在馆 |